00711nam a2200205Ia 4500003000400000008004100004020002300045040000800068100002800076245010900104260003000213300001500243365001200258901002100270902003100291903005700322942001200379952009700391999001700488LDD181029s9999 xx 000 0 und d a415296528cP 80.00 cLDD aO'Hara, Phillip Anthony 0aGrowth and development in the global political economybsocial structures of acccPhillip Anthony O'Hara aNew YorkbRoutledgec2006 axxi, 250p. bP 80.00 a3815b06-02-2007 a1377b16-03-2007cFdBBe0 aDiscount-10bReqst by : Madhu Bala(Dr. Mrs.)  2ddccBK 00102ddc4070978611aLDDbLDDl0o338.9 Oh1Gp061942r2018-11-01v6872.80w2018-11-01yBK c78612d78612